[Event "1u Open Internaziunale d'Aiacciu"]
[Site "Ajaccio"]
[Date "2012.04.24"]
[Round "1.1"]
[White "Hamdouchi, Hicham"]
[Black "Cardi, Jean"]
[Result "1-0"]
[WhiteElo "2617"]
[BlackElo "1590"]
[PlyCount "49"]

1. e4 e5 2. Nf3 Nc6 3. d4 exd4 4. Nxd4 Nxd4 5. Qxd4 c6 6. Nc3 Qf6 7. e5 Qe6 8.
Be3 f6 9. f4 Nh6 10. Bc4 d5 11. exd6 Nf5 12. Bxe6 Nxd4 13. d7+ Bxd7 14. Bxd7+
Kxd7 15. Bxd4 Re8+ 16. Kf2 c5 17. Be3 b6 18. a4 Bd6 19. a5 Ra8 20. Nb5 Kc6 21.
c4 Rhe8 22. Rhd1 Bc7 23. a6 Re4 24. b3 Rae8 25. Nxa7# 1-0

[Event "1u Open Internaziunale d'Aiacciu"]
[Site "Ajaccio"]
[Date "2012.04.24"]
[Round "1.2"]
[White "Leibenguth, Pablo"]
[Black "Mullon, Jean-Baptiste"]
[Result "0-1"]
[WhiteElo "1575"]
[BlackElo "2405"]
[PlyCount "66"]

1. c4 e5 2. Nc3 Nf6 3. g3 d5 4. cxd5 Nxd5 5. Bg2 Nb6 6. Nf3 Nc6 7. O-O Be7 8.
d3 O-O 9. Be3 Re8 10. Rc1 Bf8 11. a3 Bg4 12. Ne4 Nd4 13. Nc5 Nxf3+ 14. Bxf3
Bxf3 15. exf3 Rb8 16. f4 Nd5 17. Qf3 c6 18. Rfe1 exf4 19. Bxf4 Rxe1+ 20. Rxe1
Nxf4 21. Qxf4 Bxc5 22. Rd1 Qd6 23. Qc4 Bd4 24. b4 Re8 25. Qc2 h5 26. Rb1 h4 27.
gxh4 Re6 28. Kh1 Qd5+ 29. Kg1 Rg6+ 30. Kf1 Qg2+ 31. Ke1 Re6+ 32. Kd1 Qf1+ 33.
Kd2 Re2# 0-1

[Event "1u Open Internaziunale d'Aiacciu"]
[Site "Ajaccio"]
[Date "2012.04.24"]
[Round "1.3"]
[White "Massoni, Michael"]
[Black "Giordani, Lisandru"]
[Result "1-0"]
[WhiteElo "2341"]
[BlackElo "1559"]
[PlyCount "51"]

1. c4 e6 2. g3 Nf6 3. Bg2 d5 4. Nf3 Nc6 5. O-O g6 6. d4 Bg7 7. b3 O-O 8. Bb2 b6
9. Nbd2 Ba6 10. Rc1 Qd6 11. Ne5 Bb7 12. cxd5 Nxd5 13. Ne4 Qe7 14. Nxc6 Bxc6 15.
Rxc6 f5 16. Nc3 Rad8 17. Nxd5 exd5 18. Qc1 Rf7 19. e3 Rd6 20. Rxd6 Qxd6 21. Ba3
Qd7 22. Qc2 g5 23. Rc1 f4 24. Qc6 Qxc6 25. Rxc6 Bf8 26. Bxd5 1-0

[Event "1u Open Internaziunale d'Aiacciu"]
[Site "Ajaccio"]
[Date "2012.04.24"]
[Round "1.5"]
[White "Brethes, Francois"]
[Black "Morel, Anthony"]
[Result "1-0"]
[WhiteElo "2249"]
[BlackElo "1517"]
[PlyCount "61"]
[EventDate "2012.??.??"]

1. d4 d5 2. c4 e5 3. dxe5 d4 4. Nf3 Nc6 5. g3 Bc5 6. Bg2 Bg4 7. a3 a5 8. O-O
Bxf3 9. Bxf3 Nxe5 10. Bxb7 Ra7 11. Bg2 Nxc4 12. Qa4+ Qd7 13. Bc6 Nb6 14. Bxd7+
Nxd7 15. Bg5 f6 16. Bf4 Ne7 17. Nd2 O-O 18. Qxd7 c6 19. Qe6+ Kh8 20. Ne4 Bb6
21. Bd6 Bd8 22. Rac1 Rg8 23. Nxf6 Rf8 24. Nd7 Rf6 25. Nxf6 gxf6 26. Qxf6+ Kg8
27. Rxc6 Ng6 28. Qxd8+ Kf7 29. Be5 Nxe5 30. Rf6+ Kg7 31. Qf8# 1-0

[Event "1u Open Internaziunale d'Aiacciu"]
[Site "Ajaccio"]
[Date "2012.04.25"]
[Round "2.2"]
[White "Mullon, Jean-Baptiste"]
[Black "Cain-Rossow, William"]
[Result "1-0"]
[WhiteElo "2405"]
[BlackElo "1762"]
[PlyCount "85"]
[EventDate "2012.??.??"]

1. e4 c5 2. Nf3 d6 3. d4 cxd4 4. Qxd4 a6 5. c4 Nc6 6. Qe3 Nf6 7. Be2 e6 8. O-O
Be7 9. Nc3 O-O 10. Rd1 Qc7 11. b3 b6 12. Ba3 Rd8 13. Rac1 Qb8 14. h3 Bd7 15.
Nd5 exd5 16. exd5 Na5 17. Bd3 Bf8 18. Bb2 Re8 19. Qf4 Qd8 20. b4 Nb7 21. Bb1
Be7 22. Nd4 Rc8 23. Rd3 Nh5 24. Qf3 g6 25. Nc6 Qc7 26. Nxe7+ Rxe7 27. g4 f6 28.
gxh5 Rf8 29. Re3 Rxe3 30. Qxe3 Be8 31. hxg6 hxg6 32. Bd4 Qh7 33. Qe6+ Qf7 34.
Qxf7+ Kxf7 35. Bxb6 Rh8 36. c5 dxc5 37. bxc5 Rxh3 38. c6 Nd6 39. Bc7 Nb5 40.
Bg3 Rh8 41. Bd3 Ke7 42. Re1+ Kf7 43. c7 {suite illisible, gain au 64ème coup}
1-0

[Event "1u Open Internaziunale d'Aiacciu"]
[Site "Ajaccio"]
[Date "2012.04.25"]
[Round "2.3"]
[White "Coti, Alexandre"]
[Black "Massoni, Michael"]
[Result "0-1"]
[WhiteElo "1708"]
[BlackElo "2341"]
[PlyCount "52"]

1. c4 e5 2. Nc3 Nf6 3. e4 Nc6 4. Nf3 Bb4 5. d3 h6 6. Be2 O-O 7. O-O Re8 8. a3
Bf8 9. h3 d6 10. Be3 Ne7 11. Nh2 c6 12. Ng4 Ng6 13. f4 exf4 14. Bxf4 Bxg4 15.
Bxg4 Qb6+ 16. Kh1 Nxf4 17. Rxf4 Nxg4 18. Qxg4 Qxb2 19. Raf1 Qxc3 20. Rf6 Qxd3
21. R1f4 Qxc4 22. Rxh6 Qc1+ 23. Kh2 Qxf4+ 24. Qxf4 gxh6 25. Qg3+ Bg7 26. Qd3
Re6 0-1

[Event "1u Open Internaziunale d'Aiacciu"]
[Site "Ajaccio"]
[Date "2012.04.25"]
[Round "2.5"]
[White "Fattaccioli, Mickael"]
[Black "Brethes, Francois"]
[Result "0-1"]
[WhiteElo "1700"]
[BlackElo "2249"]
[PlyCount "54"]

1. e4 d6 2. d4 Nf6 3. Nc3 g6 4. Nf3 Bg7 5. Be3 Bg4 6. Be2 O-O 7. h3 Bxf3 8.
gxf3 e6 9. Qd2 Nbd7 10. O-O-O b5 11. d5 b4 12. Nb1 c5 13. Bc4 Nb6 14. Bb3 c4
15. Bxb6 cxb3 16. Bxd8 bxa2 17. Be7 a1=Q 18. Bxf8 Rxf8 19. Qxb4 Bh6+ 20. Rd2
Qa6 21. Qa3 Qb6 22. Rf1 Nd7 23. Nc3 Ne5 24. Na4 Qa6 25. Rfd1 Nc4 26. Qb3 Nxd2
27. Rxd2 Qf1# 0-1

[Event "1u Open Internaziunale d'Aiacciu"]
[Site "Ajaccio"]
[Date "2012.04.25"]
[Round "3.1"]
[White "Hamdouchi, Hicham"]
[Black "Battesti, Marc-Andria"]
[Result "1-0"]
[WhiteElo "2617"]
[BlackElo "1984"]
[PlyCount "87"]

1. e4 e6 2. d3 d5 3. Qe2 Nf6 4. Nf3 b6 5. e5 Nfd7 6. g3 Bb7 7. Bg2 c5 8. c4
dxc4 9. dxc4 Qc7 10. Nc3 Nc6 11. Nb5 Qb8 12. Bf4 a6 13. Nd6+ Bxd6 14. exd6 O-O
15. O-O-O e5 16. Bg5 Nd4 17. Nxd4 Bxg2 18. Nf5 Bxh1 19. Qg4 g6 20. Nh6+ Kg7 21.
Qxd7 Qb7 22. Ng4 Rfe8 23. Bf6+ Kf8 24. Qxb7 Bxb7 25. d7 Bf3 26. dxe8=Q+ Rxe8
27. Rd6 Bxg4 28. Rxb6 Re6 29. Rb8+ Re8 30. Bg7+ Ke7 31. Rb6 Be6 32. b3 e4 33.
Rxa6 Bd7 34. Bf6+ Kf8 35. Bg5 Re5 36. h4 Rf5 37. Ra7 f6 38. Be3 Ke7 39. a4 g5
40. a5 gxh4 41. gxh4 Re5 42. a6 Kd8 43. Ra8+ Kc7 44. Bf4 1-0

[Event "1u Open Internaziunale d'Aiacciu"]
[Site "Ajaccio"]
[Date "2012.04.25"]
[Round "3.2"]
[White "Bigonnet, Jean-Michel"]
[Black "Mullon, Jean-Baptiste"]
[Result "0-1"]
[WhiteElo "1956"]
[BlackElo "2405"]
[PlyCount "192"]

1. e4 c5 2. Nf3 e6 3. c3 d5 4. exd5 Qxd5 5. d4 Nf6 6. Na3 Qd8 7. Nc4 Nc6 8. Be3
Ng4 9. Be2 Nxe3 10. fxe3 Be7 11. O-O O-O 12. Qc2 Qc7 13. Bd3 g6 14. Qf2 Bd7 15.
Rae1 Be8 16. a3 Rd8 17. Kh1 b5 18. Nce5 Nxe5 19. Nxe5 f6 20. Nf3 e5 21. Qc2 c4
22. Be2 Bf7 23. Rd1 Bd6 24. dxe5 Bxe5 25. Nd4 a6 26. g3 Kg7 27. Bf3 Rfe8 28.
Qf2 Rd6 29. Rfe1 Qd7 30. Kg1 Qc7 31. Rd2 Rb8 32. Qg2 Rbb6 33. Red1 a5 34. Nc2
Rxd2 35. Qxd2 Rd6 36. Nd4 Qc5 37. Kf2 h5 38. Bg2 Qb6 39. Bf3 Qb8 40. Kg2 h4 41.
Qf2 hxg3 42. hxg3 Qb6 43. Qd2 f5 44. Qf2 b4 45. axb4 axb4 46. Ra1 bxc3 47. bxc3
Rd8 48. Qc2 Rh8 49. Qf2 Qc7 50. Ra8 Rxa8 51. Bxa8 Qa7 52. Bf3 Qa1 53. Qd2 Bf6
54. Bc6 Qa5 55. Bf3 Qe5 56. Qe1 Bg5 57. Kf2 Qb8 58. Qc1 Bf6 59. Qd2 Be5 60. Ne2
Qh8 61. Kg2 Qf8 62. Nd4 Qa3 63. Bc6 Kf6 64. Bf3 Qd6 65. Qf2 Be8 66. Kh2 Bd7 67.
Kg2 Kg7 68. Qe1 g5 69. Kh2 Qh6+ 70. Kg1 Qd6 71. Kh2 Kg6 72. Qf2 Bc8 73. Ba8 Qa3
74. Bb7 Bd7 75. Bc6 Qd6 76. Bxd7 Qxd7 77. Qc2 Qc8 78. Qb1 Bxd4 79. exd4 Qe6 80.
Qc2 Qe3 81. Qg2 Qxc3 82. Qc6+ Kh5 83. Qe8+ Kg4 84. Qe2+ Qf3 85. Qxc4 Qxg3+ 86.
Kh1 Qf3+ 87. Kh2 Qf2+ 88. Kh1 Qe1+ 89. Kh2 Qd2+ 90. Kg1 f4 91. d5 Qe1+ 92. Kh2
Qf2+ 93. Kh1 Kg3 94. Qd3+ Qe3 95. Qf1 Qe4+ 96. Kg1 Qd4+ 0-1

[Event "1u Open Internaziunale d'Aiacciu"]
[Site "Ajaccio"]
[Date "2012.04.25"]
[Round "3.3"]
[White "Massoni, Michael"]
[Black "Utrera, Ludovic"]
[Result "1-0"]
[WhiteElo "2341"]
[BlackElo "1948"]
[PlyCount "53"]

1. c4 Nf6 2. g3 g6 3. Bg2 Bg7 4. Nc3 O-O 5. e4 d6 6. Nge2 e5 7. O-O Nh5 8. d4
Nc6 9. dxe5 Nxe5 10. b3 f5 11. exf5 Bxf5 12. Bxb7 c6 13. Bxc6 Nxc6 14. Qd5+ Kh8
15. Qxc6 Bd3 16. Be3 Qa5 17. Rad1 Bf5 18. Rd5 Qd8 19. Rxd6 Qe7 20. Nd5 Qe5 21.
Ndf4 Nxf4 22. Nxf4 g5 23. Bd4 Qxd4 24. Rxd4 Bxd4 25. Ne6 Bxe6 26. Qxe6 Rae8 27.
Qd5 1-0

[Event "1u Open Internaziunale d'Aiacciu"]
[Site "Ajaccio"]
[Date "2012.04.25"]
[Round "3.5"]
[White "Brethes, Francois"]
[Black "Muik, Josef Jun"]
[Result "1-0"]
[WhiteElo "2249"]
[BlackElo "1868"]
[PlyCount "38"]

1. d4 d5 2. c4 e6 3. Nf3 c5 4. e3 Nf6 5. Nc3 Nc6 6. a3 a6 7. b3 Be7 8. Bb2 O-O
9. Bd3 b6 10. O-O Bb7 11. Qe2 cxd4 12. exd4 dxc4 13. bxc4 Nxd4 14. Nxd4 Qxd4
15. Nd5 Qc5 16. Bxf6 Bxf6 17. Qe4 g6 18. Nxf6+ Kg7 19. Qxb7 Rad8 1-0

[Event "1u Open Internaziunale d'Aiacciu"]
[Site "Ajaccio"]
[Date "2012.04.26"]
[Round "4.1"]
[White "Brethes, Francois"]
[Black "Hamdouchi, Hicham"]
[Result "1/2-1/2"]
[WhiteElo "2249"]
[BlackElo "2617"]
[PlyCount "71"]

1. d4 Nf6 2. c4 c5 3. d5 e6 4. Nc3 exd5 5. cxd5 d6 6. Nf3 g6 7. g3 Bg7 8. Bg2
O-O 9. O-O Na6 10. Bf4 Nc7 11. a4 Re8 12. Re1 h6 13. e4 g5 14. Bxd6 Qxd6 15. e5
Qd8 16. d6 Ng4 17. dxc7 Qxc7 18. Nd5 Qd8 19. Rc1 Be6 20. Nc3 Qxd1 21. Rcxd1 Bb3
22. Rd7 Nxe5 23. Nxe5 Bxe5 24. Rxb7 Bxc3 25. Rxe8+ Rxe8 26. Rxb3 Re1+ 27. Bf1
Bd4 28. Kg2 Rc1 29. Bd3 Kg7 30. Rb7 a5 31. b3 Kf8 32. Rb8+ Ke7 33. Rb7+ Kf8 34.
Rb8+ Ke7 35. Rb7+ Kf8 36. Rb8+ 1/2-1/2

[Event "1u Open Internaziunale d'Aiacciu"]
[Site "Ajaccio"]
[Date "2012.04.26"]
[Round "4.3"]
[White "Battesti, Saveriu"]
[Black "Massoni, Michael"]
[Result "0-1"]
[WhiteElo "1990"]
[BlackElo "2341"]
[PlyCount "62"]

1. e4 c5 2. Nf3 d6 3. Nc3 Nf6 4. d4 cxd4 5. Nxd4 e6 6. Be2 Be7 7. O-O Nc6 8.
Be3 O-O 9. f4 Bd7 10. Kh1 Nxd4 11. Bxd4 Bc6 12. Qd3 Qc7 13. Qg3 g6 14. e5 dxe5
15. Bxe5 Qa5 16. Qg5 Nd5 17. Qh6 f6 18. Nxd5 Bxd5 19. Bd3 Rf7 20. Bc3 Qc7 21.
Rae1 Qc6 22. Qh3 Bf8 23. Bd2 b5 24. Re3 Bg7 25. b3 f5 26. c4 bxc4 27. bxc4 Be4
28. Bxe4 fxe4 29. Rfe1 Rxf4 30. R3e2 Rf5 31. Rxe4 Qxe4 0-1

[Event "1u Open Internaziunale d'Aiacciu"]
[Site "Ajaccio"]
[Date "2012.04.26"]
[Round "4.4"]
[White "Humeau, Cyril"]
[Black "Camblan, Roger"]
[Result "1-0"]
[WhiteElo "2257"]
[BlackElo "1592"]
[PlyCount "77"]

1. b4 e5 2. Bb2 d6 3. c4 Nd7 4. Nc3 Ngf6 5. e3 Be7 6. d4 exd4 7. exd4 c5 8.
bxc5 dxc5 9. d5 Qb6 10. Qd2 O-O 11. Nf3 a6 12. Bd3 Bd6 13. O-O Ne5 14. Nxe5
Bxe5 15. Na4 Qd6 16. Bxe5 Qxe5 17. Nxc5 Qd6 18. Ne4 Nxe4 19. Bxe4 b5 20. cxb5
axb5 21. Qc2 g6 22. Qc6 Qb8 23. Rfb1 b4 24. Qc4 Ba6 25. Qxb4 Qe5 26. Re1 Rab8
27. Qa5 Qd6 28. Bf3 Rb5 29. Qa4 Rfb8 30. h3 Rb4 31. Qc6 R4b6 32. Qxd6 Rxd6 33.
Rec1 Rbb6 34. Rc6 Bb7 35. Rxb6 Rxb6 36. a4 Kf8 37. a5 Rd6 38. Rb1 Bxd5 39. Rd1
1-0

[Event "1u Open Internaziunale d'Aiacciu"]
[Site "Ajaccio"]
[Date "2012.04.26"]
[Round "4.5"]
[White "Battesti, Marc-Andria"]
[Black "Luciani, Thibault"]
[Result "1-0"]
[WhiteElo "1984"]
[BlackElo "1990"]
[PlyCount "149"]

1. d4 d5 2. Nf3 Nf6 3. Bg5 Nbd7 4. e3 c6 5. Bd3 Ne4 6. Bf4 Ndf6 7. Nbd2 Bg4 8.
h3 Bh5 9. c3 Nxd2 10. Qxd2 Bxf3 11. gxf3 Nh5 12. Be5 f6 13. Bh2 Qd7 14. Ke2 g6
15. b4 Bg7 16. a4 O-O 17. b5 e5 18. bxc6 bxc6 19. Rab1 Rfe8 20. Qb2 e4 21. fxe4
dxe4 22. Bc4+ Kh8 23. Kd2 f5 24. Qb7 Qxb7 25. Rxb7 f4 26. exf4 Nxf4 27. Bf7
Reb8 28. Rxb8+ Rxb8 29. Bxf4 Rf8 30. Rb1 Rxf7 31. Rb8+ Rf8 32. Rxf8+ Bxf8 33.
Ke3 Kg7 34. Kxe4 Kf6 35. Bb8 a6 36. f4 Ba3 37. c4 Ke6 38. d5+ cxd5+ 39. cxd5+
Kd7 40. Be5 Bc5 41. Kf3 h5 42. Ke4 Bf2 43. f5 gxf5+ 44. Kxf5 h4 45. Kg4 Be1 46.
Kf3 Ke7 47. Ke2 Bb4 48. Kd3 Be1 49. Kc4 Bg3 50. Bd4 Kd6 51. Bc5+ Kc7 52. Be7
Kd7 53. Bb4 Kc7 54. Bf8 Kb6 55. d6 Kc6 56. Be7 Be1 57. Kd4 Bg3 58. Ke4 Bxd6 59.
Bxd6 Kxd6 60. Kf4 Kc5 61. Kg4 a5 62. Kxh4 Kb4 63. Kg5 Kxa4 64. h4 Kb3 65. h5 a4
66. h6 a3 67. h7 Kb2 68. h8=Q+ Kb1 69. Qh1+ Kb2 70. Qg2+ Kb1 71. Qf1+ Kb2 72.
Qe2+ Kb1 73. Qd1+ Kb2 74. Qd2+ Kb1 75. Qb4+ 1-0

[Event "1u Open Internaziunale d'Aiacciu"]
[Site "Ajaccio"]
[Date "2012.04.26"]
[Round "5.1"]
[White "Massoni, Michael"]
[Black "Mullon, Jean-Baptiste"]
[Result "1/2-1/2"]
[WhiteElo "2341"]
[BlackElo "2405"]
[PlyCount "70"]

1. e4 e5 2. Nf3 Nc6 3. Bb5 a6 4. Ba4 Nge7 5. d4 exd4 6. Bb3 Na5 7. Qxd4 Nxb3 8.
axb3 Nc6 9. Qd3 Bb4+ 10. Nc3 O-O 11. O-O Bxc3 12. bxc3 d6 13. Nd4 Bd7 14. Bb2
Qe7 15. c4 Rfe8 16. Rae1 f6 17. Re3 Nxd4 18. Bxd4 b5 19. f4 bxc4 20. Qxc4+ Qe6
21. Qxe6+ Rxe6 22. e5 fxe5 23. fxe5 Rae8 24. Rfe1 c5 25. Bb2 dxe5 26. Rxe5 Rxe5
27. Rxe5 Rxe5 28. Bxe5 Bf5 29. c3 Bc2 30. b4 cxb4 31. cxb4 Bd3 32. Bd4 Bc4 33.
Be5 Bd3 34. Bd4 Bc4 35. Be5 Bd3 1/2-1/2

[Event "1u Open Internaziunale d'Aiacciu"]
[Site "Ajaccio"]
[Date "2012.04.26"]
[Round "5.2"]
[White "Hamdouchi, Hicham"]
[Black "Humeau, Cyril"]
[Result "1-0"]
[WhiteElo "2617"]
[BlackElo "2257"]
[PlyCount "49"]

1. e4 e5 2. Nf3 Nf6 3. Nxe5 d6 4. Nf3 Nxe4 5. Nc3 Nxc3 6. dxc3 Be7 7. Be3 O-O
8. Qd2 Qe8 9. O-O-O Qa4 10. Kb1 Be6 11. b3 Qa5 12. h4 Nc6 13. Ng5 Bf6 14. Ne4
Be7 15. Bd3 Ne5 16. Bd4 Nxd3 17. Qxd3 c5 18. Ng5 g6 19. Nxe6 fxe6 20. Be3 Rf5
21. g4 Rf3 22. Qe4 Qxc3 23. Rd3 Qe5 24. Qxf3 Bf6 25. c3 1-0

[Event "1u Open Internaziunale d'Aiacciu"]
[Site "Ajaccio"]
[Date "2012.04.26"]
[Round "5.3"]
[White "Cristofari, Antoine"]
[Black "Brethes, Francois"]
[Result "0-1"]
[WhiteElo "2136"]
[BlackElo "2249"]
[PlyCount "60"]

1. e4 e6 2. d4 d5 3. Nc3 Nf6 4. e5 Nfd7 5. f4 c5 6. Nf3 Nc6 7. Be3 Be7 8. Qd2
O-O 9. O-O-O c4 10. f5 b5 11. Qf2 b4 12. Ne2 exf5 13. h3 Qa5 14. Kb1 b3 15.
cxb3 cxb3 16. axb3 Qb6 17. Nc1 a5 18. Qe2 Ba6 19. Qc2 Nb4 20. Qxf5 Qc6 21. Bxa6
Rxa6 22. Ne1 a4 23. Nc2 axb3 24. Nxb4 Bxb4 25. Qd3 Rfa8 26. Nxb3 Nb6 27. Bd2
Bxd2 28. Rxd2 Nc4 29. Rc2 Qa4 30. Kc1 Qa1+ 0-1

[Event "1u Open Internaziunale d'Aiacciu"]
[Site "Ajaccio"]
[Date "2012.04.26"]
[Round "5.4"]
[White "Cain-Rossow, William"]
[Black "Battesti, Saveriu"]
[Result "0-1"]
[WhiteElo "1762"]
[BlackElo "1990"]
[PlyCount "80"]

1. d4 Nf6 2. c4 g6 3. Nc3 Bg7 4. e4 d6 5. Nf3 O-O 6. Be2 e5 7. O-O Nc6 8. d5
Ne7 9. Ne1 Nd7 10. f3 f5 11. g4 h6 12. Ng2 Nf6 13. Ne3 fxg4 14. fxg4 c6 15. Kh1
cxd5 16. cxd5 Qb6 17. Nc4 Qd4 18. Qe1 Nxg4 19. Rxf8+ Bxf8 20. h3 Qf2 21. Qxf2
Nxf2+ 22. Kh2 Nxh3 23. Nxd6 Nf4 24. Bc4 g5 25. Be3 Bd7 26. Ndb5 Kh7 27. Bxf4
gxf4 28. Rd1 Bg4 29. Rd2 a6 30. d6 axb5 31. Bxb5 Nc6 32. Nd5 Kg6 33. Nc7 Rd8
34. Rg2 h5 35. Bxc6 bxc6 36. Ne6 Rxd6 37. Nxf8+ Kg7 38. Rc2 Kxf8 39. a4 Bf3 40.
Rc5 Rd1 0-1

[Event "1u Open Internaziunale d'Aiacciu"]
[Site "Ajaccio"]
[Date "2012.04.26"]
[Round "5.5"]
[White "Camblan, Roger"]
[Black "Battesti, Marc-Andria"]
[Result "0-1"]
[WhiteElo "1592"]
[BlackElo "1984"]
[PlyCount "128"]

1. c4 Nf6 2. Nc3 e6 3. e4 d5 4. e5 Ne4 5. d4 Bb4 6. Qc2 c5 7. Be3 Qa5 8. Rc1
cxd4 9. Bxd4 Nc6 10. Nf3 Nxd4 11. Nxd4 Bd7 12. Be2 Ba4 13. Qd3 Rc8 14. O-O Bxc3
15. bxc3 Rxc4 16. Nb3 Bxb3 17. axb3 Rxc3 18. Qb5+ Qxb5 19. Bxb5+ Ke7 20. f3
Rhc8 21. Rxc3 Nxc3 22. Bd3 h6 23. b4 b6 24. Ra1 Rc7 25. Kf2 d4 26. h4 Nd5 27.
Rb1 Rc3 28. Be4 Ra3 29. Bxd5 exd5 30. g4 Ke6 31. f4 g6 32. b5 h5 33. gxh5 gxh5
34. Rc1 Rc3 35. Ra1 Rc7 36. Rg1 Rc2+ 37. Kf3 Rc3+ 38. Ke2 Rh3 39. Ra1 Rxh4 40.
Rxa7 Rxf4 41. Ra6 Kxe5 42. Rxb6 Re4+ 43. Kd2 Re3 44. Rh6 Rb3 45. Rxh5+ f5 46.
Rh8 Rxb5 47. Re8+ Kf4 48. Kd3 Rb1 49. Kxd4 Rd1+ 50. Kc3 Kf3 51. Kc2 Rd4 52. Kc3
Re4 53. Rf8 f4 54. Kd3 Kf2 55. Rf5 Re3+ 56. Kd2 f3 57. Rxd5 Re2+ 58. Kd1 Kf1
59. Rf5 f2 60. Rg5 Re4 61. Rg6 Rd4+ 62. Kc2 Ke2 63. Re6+ Kf3 64. Rh6 f1=Q 0-1

[Event "1u Open Internaziunale d'Aiacciu"]
[Site "Ajaccio"]
[Date "2012.04.27"]
[Round "6.1"]
[White "Massoni, Michael"]
[Black "Hamdouchi, Hicham"]
[Result "0-1"]
[WhiteElo "2341"]
[BlackElo "2617"]
[PlyCount "50"]

1. e4 c5 2. Nf3 d6 3. d4 cxd4 4. Nxd4 Nc6 5. Nc3 Nf6 6. Be2 g6 7. O-O Bg7 8.
Nb3 O-O 9. Be3 a6 10. f4 b5 11. Bf3 Bb7 12. Qd2 Nd7 13. Qf2 Na5 14. Nxa5 Qxa5
15. Rfd1 Rac8 16. e5 Bxf3 17. Qxf3 Nb6 18. exd6 exd6 19. Qf2 Nc4 20. Bd4 Nxb2
21. Nd5 Nxd1 22. Rxd1 Rc4 23. Bf6 Bxf6 24. Nxf6+ Kg7 25. Qh4 Qd8 0-1

[Event "1u Open Internaziunale d'Aiacciu"]
[Site "Ajaccio"]
[Date "2012.04.27"]
[Round "6.3"]
[White "Humeau, Cyril"]
[Black "Battesti, Marc-Andria"]
[Result "1-0"]
[WhiteElo "2257"]
[BlackElo "1984"]
[PlyCount "37"]

1. e4 e6 2. d4 d5 3. exd5 exd5 4. Nf3 Bd6 5. c4 Nf6 6. c5 Be7 7. Bd3 b6 8. cxb6
axb6 9. O-O O-O 10. Bg5 Ne4 11. Bxe7 Qxe7 12. Nc3 Nxc3 13. bxc3 Ba6 14. Re1 Qa3
15. Bxh7+ Kxh7 16. Ng5+ Kg6 17. Qg4 f5 18. Qg3 Kh5 19. Ne6 1-0

[Event "1u Open Internaziunale d'Aiacciu"]
[Site "Ajaccio"]
[Date "2012.04.27"]
[Round "6.4"]
[White "Battesti, Saveriu"]
[Black "Bigonnet, Jean-Michel"]
[Result "1-0"]
[WhiteElo "1990"]
[BlackElo "1956"]
[PlyCount "73"]

1. e4 c5 2. Nf3 d6 3. Nc3 Nf6 4. d4 cxd4 5. Nxd4 e6 6. Be2 Be7 7. O-O Nc6 8.
Be3 O-O 9. f4 Bd7 10. Kh1 Nxd4 11. Bxd4 Bc6 12. Qd3 b5 13. a3 Qb8 14. Qg3 g6
15. Qg5 Qd8 16. Qh6 Re8 17. e5 dxe5 18. Bxe5 Qb6 19. Bf3 Rad8 20. Rae1 Bf8 21.
Qh4 Nd7 22. Bxc6 Qxc6 23. Ne4 Bg7 24. Nd6 Rf8 25. Bxg7 Kxg7 26. Nxf7 Kxf7 27.
Qxh7+ Ke8 28. Qxg6+ Ke7 29. f5 Nc5 30. Qg7+ Ke8 31. b4 Ne4 32. fxe6 Rxf1+ 33.
Rxf1 Nf2+ 34. Kg1 Qxe6 35. Qh8+ Kd7 36. Qd4+ Kc8 37. Qxf2 1-0

[Event "1u Open Internaziunale d'Aiacciu"]
[Site "Ajaccio"]
[Date "2012.04.27"]
[Round "6.5"]
[White "Luciani, Thibault"]
[Black "Guillemart, Serge"]
[Result "1-0"]
[WhiteElo "1990"]
[BlackElo "1745"]
[PlyCount "55"]

1. d4 f5 2. c4 Nf6 3. Nf3 g6 4. e3 Bg7 5. Bd3 O-O 6. O-O d6 7. Nc3 Nbd7 8. Ng5
Nb6 9. f4 h6 10. Nf3 c6 11. a4 Qc7 12. a5 Nbd7 13. e4 fxe4 14. Nxe4 Nh5 15. g3
e5 16. fxe5 dxe5 17. d5 cxd5 18. cxd5 Ndf6 19. d6 Qd7 20. Nxe5 Qh3 21. Nf2 Qe6
22. Bc4 Nd5 23. Bxd5 Bxe5 24. Bxe6+ Bxe6 25. Qe2 Rf5 26. Bf4 Nxf4 27. gxf4 Re8
28. Qxe5 1-0

[Event "1u Open Internaziunale d'Aiacciu"]
[Site "Ajaccio"]
[Date "2012.04.27"]
[Round "7.2"]
[White "Brethes, Francois"]
[Black "Humeau, Cyril"]
[Result "1/2-1/2"]
[WhiteElo "2249"]
[BlackElo "2257"]
[PlyCount "89"]

1. d4 d5 2. c4 e5 3. dxe5 d4 4. Nf3 Nc6 5. g3 Nge7 6. Bg2 Ng6 7. a3 Ngxe5 8.
Nxe5 Nxe5 9. O-O Be7 10. b3 c5 11. e3 Nc6 12. exd4 Nxd4 13. Bb2 O-O 14. b4 Be6
15. bxc5 Bxc5 16. Nd2 Nc6 17. Ne4 Be7 18. c5 Qc7 19. Qh5 Rad8 20. Ng5 Bf5 21.
Rad1 Bg6 22. Qg4 h5 23. Qh4 Bxc5 24. Qc4 Bxf2+ 25. Kh1 Rxd1 26. Rxd1 Qe7 27.
Qc3 f6 28. Nh3 Bb6 29. Nf4 Bf7 30. Nd5 Qd6 31. Qc1 Qc5 32. Qf4 Rd8 33. Qf5 Kf8
34. Bxf6 Rxd5 35. Bxg7+ Kxg7 36. Bxd5 Bxd5+ 37. Qxd5 Qxd5+ 38. Rxd5 Kg6 39. Rd7
Na5 40. Rd6+ Kg7 41. Rd5 Kg6 42. Rd6+ Kf5 43. Rd5+ Kg6 44. Rd6+ Kg7 45. Rd5
1/2-1/2

[Event "1u Open Internaziunale d'Aiacciu"]
[Site "Ajaccio"]
[Date "2012.04.27"]
[Round "7.3"]
[White "Utrera, Ludovic"]
[Black "Battesti, Saveriu"]
[Result "0-1"]
[WhiteElo "1948"]
[BlackElo "1990"]
[PlyCount "102"]

1. d4 Nf6 2. Nf3 g6 3. Bg5 Bg7 4. Nbd2 c5 5. dxc5 Qa5 6. c3 Qxc5 7. e3 O-O 8.
Bd3 d5 9. O-O Nc6 10. Nb3 Qd6 11. Bc2 Bg4 12. h3 Bxf3 13. Qxf3 Ne5 14. Qe2 Ne4
15. Bxe4 dxe4 16. Rad1 Nd3 17. f3 f5 18. fxe4 fxe4 19. Qg4 Be5 20. Qxe4 Bh2+
21. Kh1 Nf2+ 22. Rxf2 Qxd1+ 23. Kxh2 Rxf2 24. Nd4 Raf8 25. Bh6 Qh5 26. Bxf8
Kxf8 27. Ne6+ Kf7 28. Nf4 Qf5 29. Qxb7 g5 30. Qb3+ e6 31. Qb7+ Kf6 32. Nh5+ Kg6
33. Ng3 Qd5 34. Qxd5 exd5 35. b3 Rxa2 36. e4 dxe4 37. Nxe4 Ra3 38. Nc5 Ra2 39.
Ne4 Kf5 40. Nc5 Rc2 41. c4 Rc3 42. Kg1 h5 43. Kf2 Rc2+ 44. Kf3 g4+ 45. hxg4+
hxg4+ 46. Kg3 Rc3+ 47. Kh4 Re3 48. Nb7 Kf4 49. c5 Rh3+ 50. gxh3 g3 51. c6 g2
0-1

[Event "1u Open Internaziunale d'Aiacciu"]
[Site "Ajaccio"]
[Date "2012.04.27"]
[Round "7.5"]
[White "Bigonnet, Jean-Michel"]
[Black "Luciani, Thibault"]
[Result "0-1"]
[WhiteElo "1956"]
[BlackElo "1990"]
[PlyCount "68"]

1. e4 c5 2. Nf3 d6 3. c3 Nf6 4. Be2 Bd7 5. d3 Nc6 6. O-O g6 7. Re1 Bg7 8. Bf1
O-O 9. h3 Rc8 10. Be3 a6 11. Nbd2 b5 12. a3 Na5 13. g4 Bc6 14. b4 Nb7 15. Nb3
Nd7 16. Rc1 a5 17. Nbd2 Nb6 18. Nb3 Na4 19. Bd2 axb4 20. axb4 d5 21. Nxc5 Nbxc5
22. bxc5 dxe4 23. Nd4 exd3 24. Bxd3 Bxd4 25. cxd4 Qxd4 26. Qe2 Rfd8 27. Bxb5
Qxd2 28. Bxc6 Qxe2 29. Rxe2 Rxc6 30. Rxe7 Nxc5 31. Ra7 Rdc8 32. Re1 R6c7 33.
Ra2 Ne6 34. Kg2 Rc3 0-1

[Event "1u Open Internaziunale d'Aiacciu"]
[Site "Ajaccio"]
[Date "2012.04.28"]
[Round "8.1"]
[White "Battesti, Saveriu"]
[Black "Hamdouchi, Hicham"]
[Result "0-1"]
[WhiteElo "1990"]
[BlackElo "2617"]
[PlyCount "122"]

1. e4 c5 2. Nf3 Nc6 3. d4 cxd4 4. Nxd4 Qb6 5. Nb3 Nf6 6. Nc3 e6 7. Be3 Qc7 8.
Be2 Bb4 9. f3 d5 10. O-O Bxc3 11. bxc3 b6 12. Nd4 Bb7 13. Nb5 Qe7 14. e5 Nxe5
15. Bf4 Ng6 16. Bd6 Qd7 17. Nc7+ Kd8 18. Bg3 Rc8 19. Nb5 Ba6 20. a4 Nh5 21. Bf2
Nhf4 22. c4 Nxe2+ 23. Qxe2 Rxc4 24. Qxc4 dxc4 25. Rfd1 Bxb5 26. axb5 Qxd1+ 27.
Rxd1+ Kc8 28. Rd4 Rd8 29. Rxc4+ Kb7 30. Bg3 e5 31. h4 h5 32. f4 exf4 33. Bxf4
Rd7 34. g3 Nf8 35. Kf2 Ne6 36. Ke3 Rd1 37. Rb4 Nc5 38. Ke2 Rd5 39. Be3 Ne6 40.
Kf3 Rf5+ 41. Ke2 g6 42. Ke1 Rf3 43. Bf2 Ra3 44. Kd2 Kc7 45. Be3 Kd6 46. Rc4 Kd5
47. Rc8 Ke4 48. Bf4 Nxf4 49. Rc4+ Kf3 50. gxf4 Kg4 51. Rc7 Kxf4 52. Rxf7+ Kg4
53. Rg7 Kxh4 54. Rxg6 Kh3 55. Rg7 h4 56. c4 Kh2 57. Kc2 h3 58. Kb2 Rg3 59. Rxa7
Kg2 60. c5 h2 61. Ra1 bxc5 0-1

[Event "1u Open Internaziunale d'Aiacciu"]
[Site "Ajaccio"]
[Date "2012.04.28"]
[Round "8.3"]
[White "Luciani, Thibault"]
[Black "Brethes, Francois"]
[Result "0-1"]
[WhiteElo "1990"]
[BlackElo "2249"]
[PlyCount "74"]

1. d4 d5 2. c4 dxc4 3. Nf3 e6 4. e3 Nf6 5. Bxc4 c5 6. O-O a6 7. e4 cxd4 8. e5
Nfd7 9. Qxd4 Nc6 10. Qe4 Qc7 11. Bf4 b5 12. Be2 Bb7 13. Qc2 Rc8 14. Rc1 Bc5 15.
Qd1 O-O 16. Nbd2 Ncxe5 17. Nxe5 Nxe5 18. b4 Bxf2+ 19. Kxf2 Nd3+ 20. Bxd3 Qxf4+
21. Nf3 Rcd8 22. g3 Qxf3+ 23. Qxf3 Bxf3 24. Bxb5 axb5 25. Kxf3 Rd2 26. Rc5 Rfd8
27. Rxb5 R8d3+ 28. Kf4 h6 29. g4 g5+ 30. Ke4 Rh3 31. a4 Rg2 32. a5 Rxg4+ 33.
Ke5 Kg7 34. Rf1 Rd3 35. a6 Rd7 36. Ra1 Rf4 37. Ra2 Rf5+ 0-1